Statistics for Top 10 Largest Brazilian States in Area

Click here to take the quiz!

General Stats

  • This quiz has been taken 56 times
  • The average score is 9 of 10

Answer Stats

Area (km²) Comparable to State % Correct
1,559,159.1Mongolia (19th)Amazonas
100%
1,247,954.7Angola (23rd)Pará
100%
586,522.1Madagascar (48th)Minas Gerais
96%
903,366.2Venezuela (33rd)Mato Grosso
94%
564,733.2Kenya (49th)Bahia
94%
357,145.5Germany (63rd)Mato Grosso do Sul
90%
340,111.8Republic of the Congo (64th)Goiás
90%
331,937.4Malaysia (66th)Maranhão
88%
281,730.2Ecuador (74th)Rio Grande do Sul
85%
277,720.5Burkina Faso (75th)Tocantins
81%

Score Distribution

Percentile by Number Answered

Percent of People with Each Score

Your Score History

You have not taken this quiz